000 01575nam a2200349 c 4500
003 BLK
005 20180422113631.0
008 180410b bul|||||r ||||||| ||bul||
010 _aKNG00166261000
040 _aBLK
041 _aBUL
_cBUL
080 _aМетрология. Измерителни апарати (мерки и теглилки)
_b389
_x
_z389
100 1 _aКолев, Николай Петков
_eпърви автор
_9365447
700 1 _aЧаушев, Пенчо Димитров
_eсъавт.
_9381534
700 1 _aГаврилов, Венцислав Гавраилов
_eсъавт.
_9334396
139 _aКолев, Николай Петков и др.
_bК 78
245 1 0 _aОснови на метрологичното осигуряване
_bРъководство
_cНиколай Петков Колев; съавт. Пенчо Димитров Чаушев; съавт. Венцислав Гавраилов Гаврилов.
257 _aBGR
260 София
_bТехника
_c1982
_fВраца : В. Александров
300 _a291 с.
_bс табл., диагр.
_c20 см
380 _a3
500 _a2 085 тир. - Библиогр. с. 263-266.
650 4 _aИзмервания
_9156495
650 4 _aМетрология
_9162085
653 _aметрология
653 _aръководства
852 _aЦб 112183
856 4 _qpdf
_u
856 4 _qpdf
_u
942 _cKNG
_n0
944 _aCR
_c17.10.2014
_l17.10.2014 - от С1,Р / 17.10.2014
_kКина_Георгиева
944 _aED
_c17.10.2014
_l17.10.2014 - от С1,Р / 17.10.2014
_k
999 _c159192
_d159192